Nano materials in architecture,interior architecture and design

Uložené v:
Podrobná bibliografia
Hlavný autor: Leydecker, Sylvia (Autor)
Médium: Kniha
Jazyk:English
Vydavateľské údaje: Basel : Birkhäuser, 2008
Tagy: Pridať tag
Žiadne tagy, Buďte prvý, kto otaguje tento záznam!

MARC

LEADER 00000nam a22000003a 4500
001 stu246731
005 20240514093401.4
008 120521s2008----sz------------------eng-d
020 |a 978-3-7643-7995-7 
040 |a STU  |b slo 
041 0 |a eng 
044 |a sz 
100 1 |a Leydecker, Sylvia  |4 aut 
245 1 |a Nano materials in architecture,interior architecture and design 
260 |a Basel :  |b Birkhäuser,  |c 2008 
300 |a 191 s 
996 |b 284V032401  |c V*51556/O-23031  |l VVT  |s A  |a 24  |w stu246731_0001